000 00605nam a2200241 a 4500
003 AR-BaBNM
005 20251128205330.0
008 082120s2002 ||||||||||||||000 | spa||
020 _a0-19-411805-3
040 _cAR-BaBNM
100 1 _aPoole, Denise
245 0 0 _aToy box
260 _aOxford
_bOxford University Press
_c1994
300 _ap. irreg.
_bil.
650 4 _aENSEƑANZA DE IDIOMAS
650 4 _aINGLES
650 4 _aJUEGOS EDUCATIVOS
650 4 _aACTIVIDADES DE APRENDIZAJE
653 _aPRIMER CICLO DE LA EGB
653 _aEDUCACION INICIAL
942 _cBK
998 _cRAQUEL
999 _c10969
_d10969